| 000 | 00449nam a22001817a 4500 | ||
|---|---|---|---|
| 005 | 20230117115724.0 | ||
| 008 | 200520b xxu||||| |||| 00| 0 eng d | ||
| 020 | _a9789374735244 | ||
| 041 | _aeng | ||
| 082 | _a617.5 TEG | ||
| 100 |
_aTeginamani Dr. Anand S _95589 |
||
| 245 | _aManual of Oral Pathology | ||
| 250 | _a1'st | ||
| 260 |
_aDelhi _bAITBS PUBLISHERS _c2014 |
||
| 300 | _a502, xii | ||
| 650 |
_aPharmacy _xB.PHARMA _97083 |
||
| 942 | _cBK | ||
| 999 |
_c6317 _d6315 |
||